The dream and other stories / (Record no. 12521)
[ view plain ]
| 000 -LEADER | |
|---|---|
| fixed length control field | 01409nam a22003857a 4500 |
| 003 - CONTROL NUMBER IDENTIFIER | |
| control field | EG-ScBUE |
| 005 - DATE AND TIME OF LATEST TRANSACTION | |
| control field | 20220616134257.0 |
| 006 - FIXED-LENGTH DATA ELEMENTS--ADDITIONAL MATERIAL CHARACTERISTICS--GENERAL INFORMATION | |
| fixed length control field | m||||fq||h 00| 0 |
| 008 - FIXED-LENGTH DATA ELEMENTS--GENERAL INFORMATION | |
| fixed length control field | 090803s2007 enka f 000 0 eng d |
| 020 ## - INTERNATIONAL STANDARD BOOK NUMBER | |
| International Standard Book Number | 9781405852197 (Pack) |
| 020 ## - INTERNATIONAL STANDARD BOOK NUMBER | |
| International Standard Book Number | 9781405850810 |
| 020 ## - INTERNATIONAL STANDARD BOOK NUMBER | |
| International Standard Book Number | 9781405850827 (CD- Rom) |
| 040 ## - CATALOGING SOURCE | |
| Original cataloging agency | EG-ScBUE |
| Language of cataloging | eng |
| Description conventions | rda |
| Transcribing agency | EG-ScBUE |
| Modifying agency | EG-ScBUE |
| 082 04 - DEWEY DECIMAL CLASSIFICATION NUMBER | |
| Edition number | 22 |
| Classification number | 428.64 |
| Item number | DUM |
| 245 04 - TITLE STATEMENT | |
| Title | The dream and other stories / |
| Statement of responsibility, etc | Daphne du Maurier [and others] ; retold by G. C. Thornley, Lewis Jones and Michael Woolf. |
| 264 #1 - PUBLICATION, DISTRIBUTION, ETC. (IMPRINT) | |
| Place of publication, distribution, etc | Harlow, England : |
| Name of publisher, distributor, etc | Pearson Education Limited, |
| Date of publication, distribution, etc | 2007. |
| 300 ## - PHYSICAL DESCRIPTION | |
| Extent | iv, 75 pages : |
| Other physical details | color illustrations ; |
| Dimensions | 20 cm + |
| Accompanying material | 2 CD |
| 336 ## - CONTENT TYPE | |
| Source | rdacontent |
| Content type term | text |
| Content type code | txt |
| 336 ## - CONTENT TYPE | |
| Source | rdacontent |
| Content type term | sounds |
| Content type code | snd |
| 337 ## - MEDIA TYPE | |
| Source | rdamedia |
| Media type term | unmediated |
| Media type code | n |
| 337 ## - MEDIA TYPE | |
| Source | rdamedia |
| Media type term | audio |
| Media type code | s |
| 338 ## - CARRIER TYPE | |
| Source | rdacarrier |
| Carrier type term | volume |
| Carrier type code | nc |
| 338 ## - CARRIER TYPE | |
| Source | rdacarrier |
| Carrier type term | computer disc |
| Carrier type code | cd |
| 490 0# - SERIES STATEMENT | |
| Series statement | Penguin active reading ; |
| Volume number/sequential designation | level 4 |
| 500 ## - GENERAL NOTE | |
| General note | 1700 headwords, Intermediate"-- Cover |
| 650 #7 - SUBJECT ADDED ENTRY--TOPICAL TERM | |
| Topical term or geographic name as entry element | English language |
| General subdivision | Study and teaching |
| -- | Foreign speakers. |
| Source of heading or term | BUEsh |
| 651 ## - SUBJECT ADDED ENTRY--GEOGRAPHIC NAME | |
| Source of heading or term | BUEsh |
| 653 ## - INDEX TERM--UNCONTROLLED | |
| Resource For college | Humanities: English |
| 655 ## - INDEX TERM--GENRE/FORM | |
| Form subdivision | Reading book |
| 9 (RLIN) | 34232 |
| 700 1# - ADDED ENTRY--PERSONAL NAME | |
| Personal name | Du Maurier, Daphne, |
| Dates associated with a name | 1907-1989, |
| Relator term | author. |
| 700 1# - ADDED ENTRY--PERSONAL NAME | |
| Personal name | Thornley, G. C. |
| Fuller form of name | (Granville Calland) |
| Relator term | contributor. |
| 700 1# - ADDED ENTRY--PERSONAL NAME | |
| Personal name | Jones, Lewis, |
| Relator term | contributor. |
| 700 1# - ADDED ENTRY--PERSONAL NAME | |
| Personal name | Woolf, Michael, |
| Relator term | contributor. |
| 942 ## - ADDED ENTRY ELEMENTS (KOHA) | |
| Source of classification or shelving scheme | Dewey Decimal Classification |
| Koha item type | Book - Borrowing |
| Withdrawn status | Lost status | Source of classification or shelving scheme | Damaged status | Not for loan | Collection code | Home library | Current library | Shelving location | Date acquired | Source of acquisition | Cost, normal purchase price | Serial Enumeration / chronology | Total Checkouts | Total Renewals | Full call number | Barcode | Date last seen | Date checked out | Koha item type | Price effective from | Public note |
|---|---|---|---|---|---|---|---|---|---|---|---|---|---|---|---|---|---|---|---|---|---|
| Dewey Decimal Classification | Baccah | Central Library | Central Library | Second Floor | 04/08/2009 | 78.00 | 8372 | 12 | 14 | 428.64 DUM | 000017775 | 15/07/2025 | 20/10/2015 | Book - Borrowing | |||||||
| Dewey Decimal Classification | Baccah | Central Library | Central Library | Second Floor | 04/08/2009 | 78.00 | 8372 | 1 | 1 | 428.64 DUM | 000017776 | 24/08/2022 | 27/10/2013 | CD | DVD - With book | 04/08/2009 | CD2 | |||||
| Dewey Decimal Classification | Baccah | Central Library | Central Library | Second Floor | 04/08/2009 | 78.00 | 8372 | 428.64 DUM | 000017777 | 24/08/2022 | CD | DVD - With book | 04/08/2009 | CD1 |